| 000 | 00722nam a22001937a 4500 | ||
|---|---|---|---|
| 005 | 20250723121959.0 | ||
| 010 | _aHIN-129925 | ||
| 020 |
_a9789392681035 _c595.00 |
||
| 035 | _aHN-102271 | ||
| 037 | _bDBAD/PUB | ||
| 082 | _a005.8 | ||
| 100 |
_aसिंह.वी _983175 |
||
| 245 |
_aसाइबर सिक्योरिटी / _cवी . सिंह |
||
| 246 | _a | ||
| 260 |
_aदिल्ली _bअग्नि प्रकाशन |
||
| 270 | _aw- 112 , ग्रेटर केलाश - 1 , प्रथम मंजिल, नई दिल्ली - 110048 | ||
| 300 |
_a200पृ. _b 22.2सेमी (सजिल्द) |
||
| 942 |
_2ddc _cHN _h005.8 _mसिंहवी |
||
| 999 |
_c212488 _d212488 |
||